<?xml version="1.0" encoding="UTF-8"?><?xml-stylesheet type="text/xsl" href="static/style.xsl"?><OAI-PMH xmlns="http://www.openarchives.org/OAI/2.0/" xmlns:xsi="http://www.w3.org/2001/XMLSchema-instance" xsi:schemaLocation="http://www.openarchives.org/OAI/2.0/ http://www.openarchives.org/OAI/2.0/OAI-PMH.xsd"><responseDate>2026-05-17T10:14:14Z</responseDate><request verb="GetRecord" identifier="oai:repisalud.isciii.es:20.500.12105/6768" metadataPrefix="marc">https://repisalud.isciii.es/rest/oai/request</request><GetRecord><record><header><identifier>oai:repisalud.isciii.es:20.500.12105/6768</identifier><datestamp>2025-06-18T08:45:18Z</datestamp><setSpec>com_20.500.12105_2052</setSpec><setSpec>com_20.500.12105_2051</setSpec><setSpec>col_20.500.12105_19608</setSpec><setSpec>col_20.500.12105_19613</setSpec></header><metadata><record xmlns="http://www.loc.gov/MARC21/slim" xmlns:dcterms="http://purl.org/dc/terms/" xmlns:doc="http://www.lyncode.com/xoai" xmlns:xsi="http://www.w3.org/2001/XMLSchema-instance" xsi:schemaLocation="http://www.loc.gov/MARC21/slim http://www.loc.gov/standards/marcxml/schema/MARC21slim.xsd">
   <leader>00925njm 22002777a 4500</leader>
   <datafield ind2=" " ind1=" " tag="042">
      <subfield code="a">dc</subfield>
   </datafield>
   <datafield ind2=" " ind1=" " tag="720">
      <subfield code="a">Fuente, Luis de la</subfield>
      <subfield code="e">author</subfield>
   </datafield>
   <datafield ind2=" " ind1=" " tag="720">
      <subfield code="a">Rosales-Statkus, Maria-Elena</subfield>
      <subfield code="e">author</subfield>
   </datafield>
   <datafield ind2=" " ind1=" " tag="720">
      <subfield code="a">Hoyos, Juan</subfield>
      <subfield code="e">author</subfield>
   </datafield>
   <datafield ind2=" " ind1=" " tag="720">
      <subfield code="a">Pulido, Jose</subfield>
      <subfield code="e">author</subfield>
   </datafield>
   <datafield ind2=" " ind1=" " tag="720">
      <subfield code="a">Santos, Sara</subfield>
      <subfield code="e">author</subfield>
   </datafield>
   <datafield ind2=" " ind1=" " tag="720">
      <subfield code="a">Bravo, Maria Jose</subfield>
      <subfield code="e">author</subfield>
   </datafield>
   <datafield ind2=" " ind1=" " tag="720">
      <subfield code="a">Barrio, Gregorio</subfield>
      <subfield code="e">author</subfield>
   </datafield>
   <datafield ind2=" " ind1=" " tag="720">
      <subfield code="a">Fernandez-Balbuena, Sonia</subfield>
      <subfield code="e">author</subfield>
   </datafield>
   <datafield ind2=" " ind1=" " tag="720">
      <subfield code="a">Belza Egozcue, Maria Jose</subfield>
      <subfield code="e">author</subfield>
   </datafield>
   <datafield ind2=" " ind1=" " tag="260">
      <subfield code="c">2012-10-08</subfield>
   </datafield>
   <datafield ind2=" " ind1=" " tag="520">
      <subfield code="a">OBJECTIVE: Availability of over-the-counter rapid HIV tests could improve access to testing those reluctant or unable to use current services. We aimed to evaluate the feasibility of HIV self-testing using a finger-stick whole-blood rapid test (Determine™ HIV Combo) to detect both antigen and antibody. METHODS: Before being tested, 313 participants in a street-based testing program were given adapted instructions and a test kit, and performed the self-test without supervision. These participants, together with another 207 who performed supervised self-testing, received additional instructions on how to interpret the test results shown in six colour photos and filled out a questionnaire. Logistic regression and generalized estimating equations (GEE) were used in the statistical analysis. RESULTS: About 8.0% (95%CI:4.8%-11.2%) obtained an invalid self-test. An invalid result was inversely associated with male participants who had sex with men (OR=0.3;95%CI:0.1-1.0). Of the 3111 photos interpreted,4.9% (95%CI:4.1-5.7) were incorrect. Only 1.1% (95%CI:0.3-1.8) of the positive results were interpreted as negative. Age 30 or older (OR=2.1; 95%CI:1.2-3.7), having been born in Latin America (OR=1.6; 95%CI:1.1-2.2),and not having university education (OR=2.1;95%CI:1.2-3.7) were associated with misinterpreting test results in the GEE. Participant's perceptions of both their proficiency when conducting the test and interpretation were related with actual outcomes. Most participants (83.9%) were more motivated than before to use the self-test in the future, and 51.7% would pay >10 Euros for the test if it was sold in pharmacies. CONCLUSIONS: This is the first study showing that blood-based self-testing with current technology is feasible in HIV-negative participants demanding the test and without prior training or supervision. Bearing in mind that it was conducted under difficult weather conditions and using a complex kit, over-the-counter tests could be a feasible option to complement current diagnostic strategies. More studies are needed to accommodate technology, minimise interpretation mistakes and provide on-line support.</subfield>
   </datafield>
   <datafield ind1="8" ind2=" " tag="024">
      <subfield code="a">PLoS One. 2012;7(10):e46555.</subfield>
   </datafield>
   <datafield ind1="8" ind2=" " tag="024">
      <subfield code="a">10.1371/journal.pone.0046555</subfield>
   </datafield>
   <datafield ind1="8" ind2=" " tag="024">
      <subfield code="a">1932-6203</subfield>
   </datafield>
   <datafield ind1="8" ind2=" " tag="024">
      <subfield code="a">1932-6203</subfield>
   </datafield>
   <datafield ind1="8" ind2=" " tag="024">
      <subfield code="a">PloS one</subfield>
   </datafield>
   <datafield ind1="8" ind2=" " tag="024">
      <subfield code="a">23056342</subfield>
   </datafield>
   <datafield ind1="8" ind2=" " tag="024">
      <subfield code="a">http://hdl.handle.net/20.500.12105/6768</subfield>
   </datafield>
   <datafield ind2="0" ind1="0" tag="245">
      <subfield code="a">Are participants in a street-based HIV testing program able to perform their own rapid test and interpret the results?</subfield>
   </datafield>
</record></metadata></record></GetRecord></OAI-PMH>